[Event "EU-chT (Men) 16th"]
[Site "Heraklion"]
[Date "2007.11.01"]
[Round "5.1"]
[White "Morozevich, Alexander"]
[Black "Radjabov, Teimour"]
[Result "1-0"]
[WhiteElo "2755"]
[BlackElo "2742"]
[Annotator "Rogozenco,D"]
[PlyCount "103"]
[EventDate "2007.10.28"]
[EventType "team-swiss"]
[EventRounds "9"]
[EventCountry "GRE"]
[SourceTitle "CBM 121"]
[Source "ChessBase"]
[SourceDate "2007.11.14"]
[SourceVersion "1"]
[SourceVersionDate "2007.11.14"]
[SourceQuality "1"]
[WhiteTeam "Russia"]
[BlackTeam "Azerbaijan"]
[WhiteTeamCountry "RUS"]
[BlackTeamCountry "AZE"]

1. e4 c5 2. Nf3 Nc6 3. d4 cxd4 4. Nxd4 Nf6 5. Nc3 e5 6. Ndb5 d6 7. Bg5 a6 8.
Na3 b5 9. Nd5 Be7 10. Nxe7 Nxe7 11. Bd3 d5 {Less than a month previously to
the present game, the same opponents met in another highly important team
competition. That game ended in a draw, but it was a long fight and Radjabov
was under pressure all the time. Therefore now he has decided to change the
pawn structure at an early stage.} (11... Bb7 12. Qe2 Nd7 13. c4 b4 14. Nc2 a5
15. O-O Nc5 16. f3 Qc7 17. Qd2 O-O 18. Ne3 b3 19. Rfd1 f6 20. Bh4 a4 21. a3
Nxd3 22. Qxd3 Rfd8 23. Rac1 Rac8 24. Qd2 $14 {1/2-1/2 Morozevich,A (2755)
-Radjabov,T (2742)/Kemer 2007 (69)}) 12. exd5 (12. Bxf6 gxf6 {leads to
double-edged positions}) 12... Qxd5 13. Qd2 (13. Bxf6 $2 Qxg2 $19) 13... Ne4 {
The evaluation of this move as offering White a slight advantage was based on
some annotations of Vyzmanavin. In fact Black achieves completely reasonable
play.} (13... Bf5 14. Bxf5 Qxd2+ 15. Bxd2 Nxf5 16. c4 (16. O-O O-O-O 17. Ba5
Rd4 18. c4 bxc4 19. Bc3 Re4 20. f3 Re2 21. Rfe1 Rxe1+ 22. Rxe1 Nd7 23. Bxe5
Nxe5 24. Rxe5 Nd6 25. Nxc4 Nxc4 26. Rc5+ Kd7 27. Rxc4 $16 {1-0 Pavasovic,D 
(2527)-Shariyazdanov,A (2592)/Sibenik 2005 (62)}) 16... O-O 17. O-O Rfb8 18.
Rae1 Re8 19. Bc3 $14 {0-1 Aseev,K (2575)-Vyzmanavin,A (2585)/Leningrad 1990 
(32)}) 14. Qe3 Nxg5 15. Qxg5 {(+/= - Vyzmanavin, 1990)} Qc5 $1 {The idea is
simple: to protect the knight on e7 and prepare kingside castling. Due to the
threat ...Qb4+ White has no time to take the pawn on g7.} (15... h6 16. Qxg7
Rg8 17. Qh7 Rb8 18. O-O-O Qxa2 19. Be4 Qe6 20. Bd5 Qg6 21. Bxf7+ {1-0 Sparic,N
(2220)-Pavlovic,S (2275)/Tivat 1995}) (15... Bb7 16. O-O-O Qxg2 17. Qxe5 f6 18.
Qd6 $36 {1-0 Sumkin,A-Teichmeister,S/ICCF corr 1983 (26)}) 16. O-O-O $146 {
A novelty in the spirit of the variation. However, Black is well developed and
experiences no problems at all. Moreover, the knight on a3 indicates that it
is rather White who should maintain the balance.} (16. Qxg7 $2 Rg8 17. Qxh7
Qb4+ 18. c3 Qxb2 {is bad for White}) (16. O-O O-O 17. Rad1 (17. c4 h6 18. Qg3
b4 19. Nc2 f5 $11) 17... f5 18. Rfe1 Ng6 19. c4 b4 20. Nc2 Nf4 $11 {1/2-1/2
Misailovic,N (2349)-Nataf,I (2553)/Budva 2004 (133)}) 16... O-O 17. Rhe1 f6 18.
Qe3 (18. Qh4 $6 Bf5 $17 {[%csl Ra3]}) 18... Qxe3+ 19. Rxe3 Be6 {Black has
achieved a pleasant endgame. Nevertheless he does not have any real advantage:
White will bring his knight from a3 into the centre and the position will
become completely equal. Possibly Radjabov overestimated his chances or maybe
he was forced to push too hard due to the extremely unfavourable development
of the match Russia-Azerbaijan, where two of his teammates were clearly doing
badly.} 20. Be4 Rad8 21. Rxd8 Rxd8 22. b3 {A rather forced way to protect the
pawn a2.} (22. c3 $2 Bxa2 $17) 22... Kf7 (22... b4 23. Nc4 Bxc4 24. bxc4 Kf7 (
24... Rc8 25. Bd3 Nc6 26. Kb2 Na5 27. Re2 Nxc4+ 28. Kb3 $14) 25. c3 Rc8 26. Bd3
bxc3 27. Kc2 $11) 23. Rd3 Rxd3 24. Bxd3 f5 25. c4 b4 26. Nc2 e4 27. Be2 a5 $11
{I suspect that many players would agree to a draw around here. Fortunately
this game continued.} 28. f4 exf3 (28... Kf6 29. Kd2 (29. h4 Bd7 30. Kd2 Ke6
$11) 29... g5 $11) (28... Bd7 29. c5 (29. Nd4 Nc6 30. Nb5 Ke6 31. Kd2 Ne7 32.
Nd4+ Kd6 $11) 29... Kf6 30. Kd2 g5 $11) 29. Bxf3 g5 (29... Kf6 30. Kd2 Ke5 $11)
30. Kd2 Kf6 31. Nd4 $1 {Starting with this moment Black always had to solve
some small problems. Although the position remains equal, Morozevich manages
to outplay his strong opponent.} Bc8 (31... Ke5 32. Nxe6 Kxe6 33. Kd3 Ke5 34.
c5 $14 {[%cal Gd3c4]}) ({Possible is} 31... Bd7 $5 {and if White continues
similar to the game} 32. Ba8 (32. c5 Ke5 33. Kd3 Bc8 {[%cal Gc8a6]}) 32... h6
33. Kd3 f4 34. Ke4 {then Black has} Be8 $132 {[%cal Ge8g6,Gg6b1]}) 32. Ba8 {
Designed to free the f3-square for the knight and thus prevent for the moment .
..Ke5.} h6 (32... Ke5 33. Nf3+ {[%csl Rg5]} Kf6 (33... Kf4 34. Kd3 {[%cal
Gc4c5] looks dangerous for Black. Advancing the g-pawn is taboo due to the
amazing mate in one:} g4 $4 35. g3#) 34. Kd3 $14) 33. Kd3 f4 (33... Ke5 34.
Nf3+ Kd6 35. Kd4 $14) 34. Ke4 {Something went wrong for Black: White has
centralised the king and has the plan to advance the c-pawn, while Black
hasn't been able to achieve anything so far. At this moment Radjabov must have
regretted his decisions on moves 28 and 29.} h5 $1 {Rightly creating his own
counterplay.} 35. c5 $1 (35. h4 gxh4 36. Kxf4 h3 $11) 35... h4 ({In the event
of the immediate} 35... Ba6 {White can already consider} 36. h4 gxh4 37. Kxf4
$14) 36. h3 Ba6 37. Nc6 $1 {Even if objectively it's a draw, the resulting
bishop endgame is extremely dangerous for Black in practice.} Bf1 38. Kf3 Nxc6
39. Bxc6 Ke5 40. Kg4 Kd4 ({The passive} 40... Kf6 {must also be sufficient for
a draw:} 41. Be4 (41. Bf3 Bd3 {is the same}) 41... Be2+ 42. Bf3 Bd3 43. Kh5 (
43. c6 Kg6 44. Bd5 Be2+ 45. Bf3 Bd3 $11) 43... Bb1 44. c6 Ke7 45. Kxg5 Bxa2 46.
Bd1 a4 47. bxa4 b3 48. c7 Kd7 (48... b2 49. c8=Q b1=Q 50. Qc7+) 49. Bg4+ Kxc7
50. Be6 Kd6 51. Bg8 Kc5 52. Kxh4 Kb4 53. Kg5 $18 Kxa4 54. Kxf4 Bb1 55. Bxb3+
Kxb3 $11 {In order to be precise for the assessment of such positions I used
the tablebases in all 5 and 6 pieces positions.}) 41. Kxg5 Kxc5 42. Bf3 a4 (
42... Bd3 {is probably a draw as well:} 43. Kxh4 Bb1 44. Kg5 Bxa2 45. Bd1 Kd4 (
45... a4 46. bxa4 b3 47. h4 $1 (47. Kxf4 b2 48. Bc2 Bb3 49. Bb1 Kd4 $1 50. a5
Bc4 51. h4 Bd3 52. Ba2 Bc4 $11) (47. Bxb3 Bxb3 48. Kxf4 (48. a5 Bd5 49. Kxf4
Bxg2 50. h4 Bd5 $11) 48... Bxa4 49. Ke5 Bd7 50. g4 Kc6 51. Kf6 Kd6 $11) 47...
b2 48. Bc2 Kd4 (48... Bb3 49. Bb1 $18) 49. h5 Kc3 50. Bg6 Bf7 (50... Bg8 51. h6
$18) (50... Bb3 51. h6 Bc2 52. h7 b1=Q 53. h8=Q+ $18) 51. Bb1 Kd2 52. h6 Kc1
53. h7 Kxb1 54. h8=Q Ka2 55. Qh7 b1=Q 56. Qxb1+ (56. Qxf7+ $18) 56... Kxb1 57.
Kxf4 $18) 46. h4 Kc3 $1 (46... Ke3 47. h5 (47. Bc2 Kd2 48. h5 Kxc2 49. h6 a4
$11) 47... Bb1 48. h6 Bd3 49. Bh5 a4 50. bxa4 b3 51. Bf7 b2 52. Ba2 Kd2 53.
Kxf4 Bc4 54. Bb1 Kc1 55. h7 $18) 47. h5 Bb1 48. h6 Bh7 49. Kf6 ({After} 49.
Kxf4 Kd2 50. Bf3 a4 51. bxa4 b3 52. Bd5 b2 53. Ba2 Kc1 {[%cal Gh7g8] it is
White who must escape}) (49. Bh5 $2 a4 50. Bg6 a3 $19) 49... f3 $1 {A nice
trick which saves the game:} 50. Bxf3 (50. gxf3 $4 Kd2 {[%csl Rd1]}) 50... Kxb3
51. g4 (51. Bh5 $2 a4 52. Bg6 a3 53. Bxh7 Ka4 54. Bg8 b3 $19) 51... Kc4 52. g5
a4 53. Kg7 Bd3 54. h7 Bxh7 55. Kxh7 a3 56. g6 a2 57. g7 a1=Q 58. g8=Q+ Kd3 $11
{Long analysis of such sharp bishop endgames can always contain mistakes, but
I believe that with precise play Black has enough resources to make a draw.})
43. bxa4 Bc4 44. a5 Bxa2 45. a6 Kb6 46. Kxh4 Kxa6 (46... Bc4 47. Kg5 b3 48. Be4
Bxa6 (48... b2 49. Kxf4 Bd5 50. Bb1 Bxg2 51. h4 Bd5 52. h5 Bg8 53. h6 Kxa6 54.
Ke5 $18) 49. Kxf4 Bb7 50. Bb1 Bxg2 (50... Kc5 51. g4 (51. Ke5 $2 Bxg2 52. h4
Bf3) 51... Kd6 52. h4 Ke7 {Black would achieve a draw if he could succeed in
giving up his bishop for White's g-pawn, but he can't achieve that.} 53. h5 Bd5
(53... Kf6 54. g5+ Kg7 55. h6+ Kh8 56. Ke5 $18 {[%cal Ge5f6,Gg5g6,Gg6g7]}) 54.
g5 Bf7 55. h6 (55. g6 $2 Kf6 $1 $11) 55... Kf8 (55... Bg8 56. h7 $18) 56. Ke5
Kg8 {and now White goes for the b-pawn:} 57. Kd4 Kh8 58. Kc3 Kg8 59. Bd3 Kh8
60. Be2 Kh7 61. Bd1 Kh8 62. Bxb3 Be8 63. Kd4 Bh5 64. Ke5 Be8 65. Kf6 Bh5 66.
Bf7 $18) 51. h4 Kc7 52. h5 Bd5 53. h6 Bg8 54. Ke5 Kd7 55. Kf6 Ke8 56. Kg7 $18)
(46... Be6 47. Kg5 b3 48. Kxf4 $1 (48. Be4 $2 f3 $1 (48... b2 49. Kxf4 $18 {
see 46...Bc4}) 49. Bxf3 b2 50. Be4 Bd5 51. Bb1 Bxg2 52. h4 Bf3 $1 53. Kf4 Bh5
54. Bd3 (54. Ke3 Kxa6 $11) 54... Be2 $11) 48... b2 49. Be4 Kxa6 50. h4 $18) 47.
Kg5 Kb6 $4 {Only this is the final mistake.} ({A draw was still possible with} 
47... Kb5 48. Kxf4 (48. h4 b3 49. Bd5 Kb4 50. h5 Bb1 51. Bxb3 Kxb3 52. Kxf4 Kc4
{This is also a draw. For example:} 53. Ke5 (53. g4 Kd5 $11) 53... Kd3 $1 54.
g4 Ke3 55. g5 Kf3 $11) 48... b3 49. Bd5 (49. Be4 b2 50. Ke5 b1=Q 51. Bxb1 Bxb1
$11) 49... Kb4 {This is the difference to the game. Black plans ...Bb1 next.}
50. h4 Bb1 51. Bxb3 (51. h5 $4 b2 52. h6 Bh7 53. Ba2 Ka3 $19) 51... Kxb3 $11)
48. Kxf4 Kc5 {There is no more escape for Black.} (48... b3 49. Bd5 Kc5 50. Ke5
$1 $18 {The extra tempo compared to the variation mentioned after 47...Kb5
makes a huge difference, White wins:} Kb4 51. h4 Bb1 52. Bxb3 Kxb3 53. h5 Kc3
54. g4 Kd3 55. g5 Ke3 56. g6 Kf3 57. Kf6 {and the Black king is one tempo too
slow}) (48... Kc7 49. Ke5 Kd7 (49... Kd8 50. Kf6 Ke8 51. h4 Bb1 52. Bd5 Bc2 53.
h5 b3 54. Bxb3 Bxb3 55. h6 Bc2 56. Kg7 $18) 50. Kf6 Kd6 (50... b3 51. Bd5 $18)
51. g4 (51. h4 $2 Bd5 $1 52. Bd1 Bxg2 53. h5 Be4 $11) 51... Bb3 {Setting a trap
} (51... b3 52. Be4 $18) 52. Be4 $1 $18 (52. g5 $2 Bc2 53. Bh5 (53. g6 $142 b3
54. g7 b2 55. g8=Q b1=Q 56. Qf8+ $16) 53... b3 54. Bf7 b2 55. Ba2 Kc5 56. g6
Kb4 57. g7 Bh7 58. h4 Ka3 59. Bb1 Bxb1 60. g8=Q Bc2 $11)) 49. Ke5 $1 {The most
technical move, of course.} Bb1 (49... b3 50. Bd5 (50. Be4 b2 51. h4 b1=Q 52.
Bxb1 Bxb1 53. h5 {also wins}) 50... Kb4 51. h4 Bb1 52. Bxb3 ({It's never too
late to lose:} 52. h5 $4 b2 53. h6 Bd3 54. Ba2 Ka3 $19) 52... Kxb3 53. h5 $18)
(49... Bc4 50. g4 b3 51. Be4 (51. h4 $4 Bd3 52. Bd5 b2 53. Ba2 Kb4 $19) 51...
Kb4 52. g5 Kc3 53. g6 Bd3 54. Bxd3 Kxd3 55. g7 b2 56. g8=Q b1=Q 57. Qg6+ $18)
50. Bd5 Bc2 51. h4 Bd1 52. Bf7 (52. Bf7 b3 53. Bxb3 Bxb3 54. h5 Bc2 55. h6 Kc6
56. Kf6 Kd7 57. g4 Ke8 58. Kg7 $18 {[%cal Gg4g5,Gg5g6]}) 1-0

[Event "World Cup"]
[Site "Khanty-Mansiysk"]
[Date "2007.11.24"]
[Round "1.1"]
[White "Radjabov, Teimour"]
[Black "Genba, Vladimir"]
[Result "1-0"]
[WhiteElo "2742"]
[BlackElo "2413"]
[Annotator "Krasenkow,M"]
[PlyCount "57"]
[EventDate "2007.11.24"]
[EventType "k.o."]
[EventRounds "7"]
[EventCountry "RUS"]
[SourceTitle "CBM 122"]
[Source "ChessBase"]
[SourceDate "2008.01.30"]
[SourceVersion "1"]
[SourceVersionDate "2008.01.30"]
[SourceQuality "1"]

1. d4 d5 2. c4 e6 3. Nf3 c5 4. cxd5 exd5 5. Nc3 Nc6 6. Bf4 {A rare but
playable system.} c4 (6... Nf6 {is the main line.}) 7. e3 (7. e4 Nf6 $5 $13 (
7... dxe4 $143 8. Nxe4 Bg4 9. Bxc4 Bxf3 10. Qxf3 Nxd4 11. Qd3 $18 {1/2-1/2
Lain,L-Olarasu,G/Lido Estensi 2002/CBM 088 ext (43)})) (7. a3 Nf6 8. e3 Be7 9.
Be2 O-O 10. O-O Na5 11. Qc2 a6 12. Nd2 b5 13. Bf3 Be6 14. Rad1 Nc6 15. Be5 Ne8
16. b3 Rc8 17. bxc4 bxc4 18. Ndb1 f6 19. Bg3 f5 20. Be2 Nf6 21. f3 Bd6 22. Bf2
Qc7 23. Kh1 Ne7 24. Bg1 {1/2-1/2 Agrest,E-Hansen,L/Skaenninge 1998/CBM 065})
7... Bb4 8. Be2 Nge7 9. O-O O-O 10. Rc1 Bf5 11. Nd2 Bxc3 12. bxc3 b5 13. g4 {
An aggressive move; however, White's pieces are far away from the kingside.}
Bg6 14. h4 h6 15. Bg3 Re8 16. f4 f6 $6 {Too passive! The super-GM now easily
creates an attack.} (16... Bd3 $1 {was very logical, e.g.} 17. Bxd3 cxd3 18.
Nb3 Nc8 19. Qxd3 Nd6 $44) 17. f5 Bf7 18. Qc2 a5 $2 {This "counter-attack" is
extremely ill-timed.} (18... Nc8 {was absolutely necessary.}) 19. g5 $1 {
[%mdl 128]} hxg5 20. hxg5 fxg5 21. Nf3 Nc8 {Too late!} 22. Ne5 Qd6 23. Bg4 $1
Rxe5 {Desperation.} (23... Qh6 24. f6 $1 Nxe5 25. Bxe5) (23... Qf6 24. Qh2) 24.
Qh2 $1 Re4 25. Bxd6 Rxg4+ 26. Bg3 Nb6 27. Qh3 Re4 28. Rc2 Nd7 29. Rh2 1-0

[Event "World Cup"]
[Site "Khanty-Mansiysk"]
[Date "2007.11.27"]
[Round "2.1"]
[White "Macieja, Bartlomiej"]
[Black "Radjabov, Teimour"]
[Result "1-0"]
[WhiteElo "2606"]
[BlackElo "2742"]
[Annotator "Macieja,B"]
[PlyCount "93"]
[EventDate "2007.11.24"]
[EventType "k.o."]
[EventRounds "7"]
[EventCountry "RUS"]
[SourceTitle "CBM 122"]
[Source "ChessBase"]
[SourceDate "2008.01.30"]
[SourceVersion "1"]
[SourceVersionDate "2008.01.30"]
[SourceQuality "1"]

1. e4 e5 2. Nf3 Nc6 3. Bb5 f5 {Several commentators shared their surprise with
the opening choice of my opponent, adding that he would have probably never
chosen it against a 2700 player. Actually, only in 2007 Teimour has played 5
such games (against Kramnik, Leko, Shirov and twice Carlsen), with an
impressive result +1=4, thus during my preparations I didn't ignore the
possibility of 3...f5.} 4. d3 {4.Nc3 is considered to be the main move,
however things are not simple at all, as has been proven by Teimour.} fxe4 5.
dxe4 Nf6 6. O-O Bc5 {Teimour is following his games with Magnus. 6...d6 leads
to a slightly worse position for Black.} 7. Bxc6 {The most principled line.}
bxc6 8. Nxe5 O-O 9. Bg5 Qe8 10. Bxf6 Rxf6 11. Nd3 Bd4 12. c3 {Ex-World
Champion Boris Spassky chose 12.Nd2 against Antunes, Salonika (ol) 1988,
however 12.c3 is better in my opinion.} Bb6 13. Nd2 d6 $2 {I think 13...d5 has
to be played. White is a pawn up, but the pair of strong bishops gives Black
counter-play. The final evaluation if the counter-play is sufficient requires
deep analyses. It is worth adding that the immediate 13...Ba6 is much worse,
as after 14.c4 d5 15.Qa4 White gains advantage, for instance 15... dxe4 16.
Qxa6 exd3 17.c5+- Makropoulos-Kotronias, Athens 1989.} 14. c4 {White has to
eliminate (or block) Bb6 as soon as possible. Otherwise, if Black finishes his
development, White can be in danger.} Qg6 15. Kh1 Bg4 16. f3 (16. Qb3 {is
another serious possibility with the idea} Qh5 $4 17. c5+ Kh8 (17... Be6 18.
Nf4 $1 $18) 18. cxb6 Rh6 19. h3 Bxh3 20. Nf4 $18 {however I wasn't convinced
if it was better than 16.f3, as Black has 16...Bd4!}) 16... Be6 17. f4 ({
I considered} 17. c5 {to be premature, as after} dxc5 {the black bishop would
soon come back to the game.}) 17... Bg4 18. Qe1 (18. Qb3 {can be considered
stronger by machines, but I preferred to cover the weak black squares around
my king and to protect the e4 pawn at the same time, aiming for 19.f5 or 19.c5
followed by Nc4. And there is nothing wrong with it!}) 18... Re8 ({Aimed
against 19.f5. After} 18... Qh5 19. f5 Rh6 20. Qg3 {White gains a clear edge.})
19. c5 $1 {White accomplishes his positional idea, while} (19. f5 $4 {would
have failed to} Bxf5 20. exf5 Rxe1 21. fxg6 Rfxf1+ 22. Nxf1 Rxa1 $19) 19...
Bxc5 20. Nxc5 dxc5 {Black's pawn structure is ruined, the game is already lost.
} 21. h3 {White doesn't need to hurry, as the character of the game cannot be
changed. I have decided to improve positions of my pieces first and only then
to focus on Black's weak pawns.} Bc8 $1 {Probably the best chance for
counterplay. The bishop can operate on two diagonals (c8-h3 and a6-f1),
creating some practical problems for White.} 22. Qe3 Qh6 23. Rf3 {The
continuation of my strategy. Now, White has no tactical weaknesses.} Rd8 24.
Nc4 Rd4 25. b3 $6 ({The most natural and the best was} 25. Ne5 Rfd6 26. Rc1 $18
) 25... Qh4 26. Raf1 ({Solid, but} 26. Ne5 {was possible as well.}) 26... Rf8 (
{Black had the last possibility to change a bishop for a knight, but it would
not help him:} 26... Ba6 27. e5 Rf8 28. e6 Bxc4 29. bxc4 Qf6 30. f5 $18) 27.
Ne5 {Finally!} Qf6 28. Rc1 Qd6 ({If} 28... g5 {then the simplest is} 29. Nd3
$18) 29. Nxc6 {With this small tactical trick White wins a pawn.} Rd1+ (29...
Qxc6 $4 30. Qxd4 $18) 30. Rxd1 Qxd1+ 31. Kh2 Qd6 32. Ne5 {The knight comes
back to his best possible position. There was no need to complicate the game
with 32.Nxa7, though it was obviously good as well.} Bb7 33. Nd3 c4 34. bxc4
Re8 35. Ne5 {The "one step forward, one step back" strategy works brilliantly.
Already two black pawns have gone.} c5 (35... g5 36. Rg3 $18) 36. Rf2 Rd8 37.
Rb2 Ba8 38. Nf3 Rf8 39. e5 Qe6 40. Qxc5 {Where have all the c-pawns gone?} Qf5
41. Qe3 Be4 42. c5 Bd5 43. Rd2 Ba8 44. Nd4 Qxf4+ 45. Qxf4 Rxf4 46. Ne6 Rc4 47.
Ng5 1-0